[Event "It (open) (a)"]
[Site "masterchessopen.com - Koszalin (Poland)"]
[Round "8"]
[White "Daniluk Jerzy (POL)"]
[Black "Ferenc Janusz (POL)"]
[Result "0-1"]
[WhiteElo "2100"]
[BlackElo "2290"]

1.d4 Nf6 2.c4 c5 3.d5 e6 4.Nc3 exd5 5.cxd5 d6 6.e4 g6 7.Nf3 Bg7 8.Bg5 h6 9.Bh4
a6 10.Nd2 O-O 11.a4 Re8 12.Be2 Nbd7 13.O-O g5 14.Bg3 Ne5 15.Qc2 Ng6 16.Nc4 Nf4
17.Rfe1 Bf8 18.a5 Nd7 19.Bg4 Ne5 20.Nxe5 Rxe5 21.Bxc8 Rxc8 22.f3 Bg7 23.Qd2
Qf6 24.Na4 Ree8 25.Kh1 Rc7 26.Rab1 Qd4 27.Qxd4 cxd4 28.Bxf4 gxf4 29.Nb6 Rc5
30.Rec1 f5 31.Rxc5 dxc5 32.Re1 fxe4 33.fxe4 d3 34.Nc4 Bd4 35.g3 f3 36.Rf1 Rxe4
37.d6 Bf6 38.Rxf3 Rxc4 39.Rxf6 {#R} 0-1

[Event "It (open)"]
[Site "masterchessopen.com - Passau (Germany)"]
[Round "0"]
[White "Diekmeyer Ulrich"]
[Black "Schnell Franz (GER)"]
[Result "0-1"]
[WhiteElo "1766"]
[BlackElo "1911"]

1.d4 Nf6 2.c4 e6 3.Nc3 c5 4.d5 exd5 5.cxd5 d6 6.e4 g6 7.Bg5 Bg7 8.Nf3 O-O
9.Bd3 Re8 10.O-O h6 11.Bh4 g5 12.Bg3 Nh5 13.Nd2 Nxg3 14.fxg3 a6 15.Kh1 b5
16.a3 Nd7 17.Nf3 c4 18.Bc2 Nc5 19.Nd4 Bd7 20.Nf5 Bxf5 21.Rxf5 Nd7 22.Qh5 Ne5
23.Qe2 Qd7 24.Raf1 Re7 25.h3 Qa7 26.Kh2 Qd4 27.Rd1 Qc5 28.Rdf1 Rd8 29.Qf2 Qxf2
30.R1xf2 Rb8 31.Bb1 Rc7 32.g4 a5 33.a4 bxa4 34.Nxa4 Rb4 35.Nc3 Rcb7 36.Nd1 a4
37.Ba2 Nd3 38.Rd2 Nxb2 39.Ne3 c3 40.Rc2 Rxe4 41.Nf1 Rc7 42.Rf3 Rce7 43.g3 Re2+
44.Rf2 Rxc2 45.Rxc2 Re1 46.Kg2 Ra1 47.Ne3 Rxa2 48.Nf5 Bf8 49.Rxc3 Nd1+ {#R}
0-1

[Event "Czech League 1997/98 (2nd)"]
[Site "masterchessopen.com - Czech Republic"]
[Round "11"]
[White "Fiedler Bedrich (CZE)"]
[Black "Ptacnik Stanislav (CZE)"]
[Result "1-0"]
[WhiteElo "2107"]
[BlackElo "2096"]

1.d4 Nf6 2.Nf3 c5 3.d5 e6 4.c4 exd5 5.cxd5 d6 6.Nc3 g6 7.e4 Bg7 8.Bg5 h6 9.Bh4
g5 10.Bg3 Nh5 11.Bb5+ Kf8 12.O-O Nxg3 13.fxg3 Bg4 14.Be2 h5 15.e5 Bxf3 16.Bxf3
g4 17.Be4 Bxe5 18.Bg6 Kg7 19.Bxf7 Nd7 20.Rf5 Nf6 21.Be6 Rh6 22.Rg5+ Rg6
23.Rxg6+ Kxg6 24.Qd3+ Kg7 25.Rf1 Qe8 26.Rf5 Qg6 27.Ne2 Rf8 28.Nf4 Qh6 29.Qb5
Bd4+ 30.Kf1 b6 31.Qc6 h4 32.Qxd6 hxg3 33.Qe7+ Kh8 34.Ng6+ Qxg6 35.Qxf8+ Kh7
36.hxg3 Bxb2 37.d6 c4 38.d7 Nxd7 39.Rh5+ Qxh5 40.Bf5+ {#r} 1-0

[Event "Czech League 1998/99 (2nd) (a)"]
[Site "masterchessopen.com - Czech Republic"]
[Round "0"]
[White "Hrubant Ivan (CZE)"]
[Black "Gross Stefan (CZE)"]
[Result "1-0"]
[WhiteElo "2046"]
[BlackElo "2330"]

1.d4 Nf6 2.c4 e6 3.Nf3 c5 4.d5 exd5 5.cxd5 d6 6.Nc3 g6 7.e4 Bg7 8.Bg5 a6 9.a4
h6 10.Bh4 g5 11.Bg3 Nh5 12.Nd2 Nxg3 13.hxg3 Nd7 14.Nc4 Ne5 15.Ne3 g4 16.Rh5
Qf6 17.Be2 Qg6 18.Nf5 Bf8 19.Rh4 Bxf5 20.exf5 Qxf5 21.Bxg4 Nxg4 22.Qxg4 Qxg4
23.Rxg4 Be7 24.Kf1 f5 25.Rg6 Kf7 26.Re6 Rad8 27.Nd1 Bf6 28.Ne3 Rhe8 29.Rxe8
Rxe8 30.Nxf5 Kg6 31.Nxd6 Rd8 32.Nxb7 Rxd5 33.Rc1 Bd4 34.Rd1 Rf5 35.Rd2 Rf7
36.Nd6 Rd7 37.Ne4 Rb7 38.Rc2 a5 39.Ke2 Rb4 40.Nxc5 Bxc5 41.Rxc5 Rxb2+ 42.Ke3
Rb3+ 43.Kd4 Rb4+ 44.Rc4 Rb2 45.Ke3 Rb3+ 46.Kf4 Rb2 47.f3 Rxg2 48.Rc6+ Kg7
49.Ra6 Ra2 50.Rxa5 Rc2 51.Kf5 Rc3 52.Ra7+ Kf8 53.Kg4 Rc5 54.a5 Kg8 55.a6 Ra5
56.f4 {#r} 1-0

[Event "Tournament"]
[Site "masterchessopen.com - Pinneberg (Germany)"]
[Round "7"]
[White "Hadlich Winfried (GER)"]
[Black "Schermer Denis (GER)"]
[Result "1-0"]
[WhiteElo "1942"]
[BlackElo "2062"]

1.Nf3 Nf6 2.d4 e6 3.c4 c5 4.d5 exd5 5.cxd5 d6 6.Nc3 g6 7.Bg5 Bg7 8.e4 O-O
9.Bd3 a6 10.a4 Bg4 11.h3 Bxf3 12.Qxf3 Nbd7 13.O-O Qc7 14.Qe2 Rae8 15.Qd2 c4
16.Bc2 Nc5 17.Rae1 Rb8 18.e5 Ne8 19.exd6 Nxd6 20.Re7 Qb6 21.Rb1 Rbe8 22.Qf4 f6
23.Rxg7+ Kxg7 24.Bh6+ Kg8 25.Bxf8 Rxf8 26.Qd4 Nxa4 27.Qg4 Nc5 28.Bxg6 Qc7
29.Bf5+ Qg7 30.Qf4 Nxf5 31.Qxf5 Qd7 32.Qf4 b5 33.d6 Nd3 34.Qd4 Qf5 35.Ra1 Re8
36.d7 Rd8 37.Ne4 Kf7 38.Nd6+ {#r} 1-0

[Event "It (open)"]
[Site "masterchessopen.com - Zagreb (Croatia)"]
[Round "0"]
[White "Kljako Damir (CRO)"]
[Black "Jurkovic Ante (CRO)"]
[Result "0-1"]
[WhiteElo "2235"]
[BlackElo "2315"]

1.d4 Nf6 2.c4 c5 3.d5 e6 4.Nc3 exd5 5.cxd5 d6 6.e4 g6 7.Nf3 Bg7 8.Bg5 h6 9.Bf4
O-O 10.Nd2 b6 11.Be2 Ba6 12.O-O Bxe2 13.Qxe2 a6 14.a4 Nh5 15.Be3 Nd7 16.Kh1
Ne5 17.g4 Nf6 18.h3 g5 19.f4 gxf4 20.Bxf4 Nfd7 21.Nf3 Nxf3 22.Qxf3 Ne5 23.Qg3
Qe7 24.Rae1 Rad8 25.g5 Ng6 26.gxh6 Bf6 27.Re2 Kh7 28.Qg4 Qd7 29.Qh5 Rde8
30.Bd2 Re5 31.Rf5 Nh4 32.Bf4 Rxf5 33.exf5 Qxf5 34.Qxf5+ Nxf5 35.Ne4 Be7 36.Ng3
Bg5 37.Nxf5 Bxf4 38.Re7 Kg6 39.Nh4+ Kxh6 40.Rb7 b5 41.axb5 axb5 42.Rxb5 Kg5
43.Ng2 Ra8 44.Kg1 Be5 45.Rb7 f5 46.b3 Ra2 47.Rb8 f4 48.Rf8 Rb2 49.Ne1 Rxb3
50.Kg2 Rg3+ 51.Kf2 Bd4+ 52.Ke2 Re3+ 53.Kf1 Rxh3 54.Ke2 Re3+ 55.Kf1 Kg4 56.Nc2
Re4 57.Rd8 Be5 58.Rg8+ Kf3 59.Rg2 Rc4 60.Re2 Rc3 61.Ne1+ Kg4 62.Rg2+ Kf5
63.Re2 f3 64.Rd2 Rc1 65.Rc2 Rxc2 66.Nxc2 Bg3 67.Ne3+ Ke4 68.Nc4 Kd3 69.Nb2+
Kd4 70.Nd1 c4 {#R} 0-1

[Event "It (open) \"]
[Site "masterchessopen.com - Chalkidiki (Greece)"]
[Date "1998.08.09"]
[Round "8"]
[White "Bogdanov Emil (FRA)"]
[Black "Petraki Maria (GRE)"]
[Result "1-0"]
[WhiteElo "2240"]
[BlackElo "2034"]

1.d4 Nf6 2.c4 c5 3.d5 e6 4.Nc3 exd5 5.cxd5 d6 6.Nf3 g6 7.Bg5 Bg7 8.e4 a6 9.a4
h6 10.Bh4 g5 11.Bg3 Nh5 12.Nd2 Nxg3 13.hxg3 Qf6 14.Be2 Nd7 15.a5 Rb8 16.Ra3
Ne5 17.Rb3 O-O 18.O-O Bd7 19.Rb6 Qe7 20.g4 h5 21.gxh5 g4 22.h6 Bxh6 23.g3 Qg5
24.Nc4 Nxc4 25.Bxc4 Qe5 26.Be2 Kh8 27.Kg2 Rg8 28.Rh1 Kh7 29.Rh4 Rg6 30.Bxg4
Rbg8 31.Bxd7 Rxg3+ 32.Kh1 Rg1+ 33.Qxg1 Rxg1+ 34.Kxg1 Kg7 35.Rxb7 Bg5 36.Rg4
Kf6 37.Kg2 Bd2 38.Ne2 Bxa5 39.Bf5 Bb4 40.b3 Qb2 41.Ng3 Be1 42.Nh5+ Ke5 43.Re7+
Kd4 44.e5+ Kxd5 45.Be4+ Kd4 46.Bc2+ Kd5 47.Nf4+ Kc6 48.Be4+ Kb6 49.Nd3 Qe2
50.Bf3 {#r} 1-0

[Event "Bundesliga (2nd) South 1998/99"]
[Site "masterchessopen.com - Germany"]
[Round "0"]
[White "Fahnenschmidt Gerhard Dr (GER)"]
[Black "Meissner Bernd-Guenther (GER)"]
[Result "1-0"]
[WhiteElo "2336"]
[BlackElo "2349"]

1.d4 Nf6 2.c4 c5 3.d5 e6 4.Nc3 exd5 5.cxd5 d6 6.e4 g6 7.Bg5 Bg7 8.Nf3 h6 9.Bh4
O-O 10.Nd2 Nbd7 11.Be2 a6 12.a4 Qe7 13.O-O g5 14.Bg3 Ne5 15.f4 gxf4 16.Bxf4
Rb8 17.Nc4 Nxc4 18.Bxc4 Ng4 19.Qd2 Bd7 20.Be2 h5 21.Bxg4 hxg4 22.Bh6 Qe5
23.Rf2 Kh7 24.Bxg7 Kxg7 25.Raf1 f6 26.Ne2 Rh8 27.Ng3 Rh6 28.Qa5 Rf8 29.Qc7 Rf7
30.Qxb7 Qg5 31.Qxa6 Qh4 32.Rf5 Qxh2+ 33.Kf2 Rh3 34.Qxd6 Bxf5 35.Nxf5+ Kg6
36.Qxh2 Rxh2 37.Rc1 Rb7 38.Kg3 Rh8 39.Rxc5 Kg5 40.Nd4 Re8 41.d6+ Kg6 42.Rd5
Re5 43.Rxe5 fxe5 44.Ne6 Kf6 45.Nc7 Rb3+ 46.Kxg4 Rxb2 47.a5 Rxg2+ 48.Kf3 Ra2
49.a6 Ra3+ 50.Ke2 Ra4 51.Ke3 Kf7 52.Kd3 Rd4+ 53.Kc3 Rxe4 54.d7 Ke7 55.Ne6 Re3+
56.Kd2 {#r} 1-0

[Event "It (open)"]
[Site "masterchessopen.com - Korinthos (Greece)"]
[Round "2"]
[White "Halkias Stelios (GRE)"]
[Black "Petraki Maria (GRE)"]
[Result "1-0"]
[WhiteElo "2406"]
[BlackElo "2123"]

1.d4 Nf6 2.c4 e6 3.Nc3 c5 4.d5 exd5 5.cxd5 d6 6.e4 g6 7.Nf3 Bg7 8.Bg5 a6 9.Nd2
b5 10.Be2 Nbd7 11.Qc2 O-O 12.O-O Qb6 13.a4 b4 14.Nd1 Ne5 15.Ne3 Qc7 16.h3 h6
17.Bh4 g5 18.Bg3 Ng6 19.Ndc4 Nf4 20.Bf3 Nd7 21.Bxf4 gxf4 22.Nf5 Ne5 23.Nxg7
Nxf3+ 24.gxf3 Bxh3 25.Qd2 Bxf1 26.Kxf1 Kxg7 27.Qxf4 Rad8 28.Ne3 Rh8 29.Ke2 c4
30.Rg1+ Kf8 31.Qf6 Rh7 32.Nf5 c3 33.b3 c2 34.Nd4 Ke8 35.Nc6 {#r} 1-0

[Event "Ch NATO"]
[Site "masterchessopen.com - Leopoldsburg (Belgium)"]
[Round "4"]
[White "Koopmeiners Karl (GER)"]
[Black "Van Zandwijk Jan Peter (NED)"]
[Result "0-1"]
[WhiteElo "2015"]
[BlackElo "2264"]

1.d4 Nf6 2.c4 c5 3.d5 e6 4.Nc3 exd5 5.cxd5 d6 6.e4 g6 7.Nf3 Bg7 8.Bg5 O-O
9.Nd2 Re8 10.Be2 b6 11.Bh4 Nbd7 12.O-O a6 13.a4 Qc7 14.f4 c4 15.Qc2 Nc5
16.Bxc4 Ng4 17.Rae1 Bd4+ 18.Kh1 Ne3 19.Qb1 Nxf1 20.Bxf1 Bd7 21.Nf3 Bg7 22.Bg3
Nxa4 23.Nxa4 Bxa4 24.e5 Rac8 25.Qa2 Bb5 26.Bxb5 axb5 27.e6 Qc4 28.Qxc4 bxc4
29.f5 gxf5 30.Nh4 fxe6 31.dxe6 Rc5 32.Bxd6 Rd5 33.Bg3 Bxb2 34.h3 c3 {#R} 0-1

[Event "Ch Paris (open)"]
[Site "masterchessopen.com - Paris (France)"]
[Round "1"]
[White "Mikhalevski Alexander (ISR)"]
[Black "Valentin Rene (FRA)"]
[Result "1-0"]
[WhiteElo "2464"]
[BlackElo "2138"]

1.d4 Nf6 2.c4 e6 3.Nf3 c5 4.d5 exd5 5.cxd5 g6 6.Nc3 Bg7 7.e4 d6 8.Bg5 a6 9.Nd2
b5 10.e5 dxe5 11.a4 O-O 12.axb5 Bb7 13.Nde4 axb5 14.Rxa8 Bxa8 15.Bxb5 Qb6
16.Bxf6 Bxf6 17.Qa4 Bb7 18.O-O Bg7 19.Qc4 Na6 20.d6 h6 21.Ra1 Ra8 22.Nd5 {#r}
1-0

[Event "It (open)"]
[Site "masterchessopen.com - Porto San Giorgio (Italy)"]
[Round "6"]
[White "Ausmins Elmar (ITA)"]
[Black "Van Benthem Arjen (NED)"]
[Result "0-1"]
[WhiteElo "2324"]
[BlackElo "2229"]

1.d4 Nf6 2.Nf3 e6 3.c4 c5 4.d5 exd5 5.cxd5 d6 6.Nc3 g6 7.Bg5 Bg7 8.e4 O-O
9.Nd2 a6 10.a4 Re8 11.Be2 h6 12.Bh4 Nbd7 13.O-O Qc7 14.f4 Rb8 15.Kh1 Nh7
16.Bg3 f5 17.exf5 gxf5 18.Bd3 Ndf6 19.h3 Qf7 20.Bh2 Bf8 21.Qc2 Nh5 22.g4 Ng7
23.Rg1 Re3 24.g5 Qh5 25.gxh6 Rxh3 26.Rg2 Qxh6 27.Ne2 Nf6 28.Ng1 Rh5 29.Ngf3
Qxf4 30.Re1 Ng4 31.Kg1 Nxh2 32.Nxh2 Rxh2 33.Rxh2 Qg3+ 34.Rg2 Qxe1+ 35.Nf1 Qe5
36.Ng3 Kf7 37.b4 Bd7 38.bxc5 Qd4+ 39.Kf1 Qxc5 40.Qd1 Rc8 41.Rc2 Qe3 {#R} 0-1

[Event "Ch Croatia"]
[Site "masterchessopen.com - Pula (Croatia)"]
[Round "11"]
[White "Hulak Krunoslav (CRO)"]
[Black "Zelcic Robert (CRO)"]
[Result "0-1"]
[WhiteElo "2510"]
[BlackElo "2457"]

1.d4 Nf6 2.c4 e6 3.Nf3 c5 4.d5 exd5 5.cxd5 d6 6.Nc3 g6 7.e4 Bg7 8.Bg5 h6 9.Bh4
a6 10.Nd2 O-O 11.a4 Re8 12.Be2 Nbd7 13.O-O g5 14.Bg3 Ne5 15.f4 gxf4 16.Bxf4
Nh7 17.Qe1 Ng6 18.Bg3 Ne5 19.Kh1 Rf8 20.Nc4 Nxc4 21.Bxc4 Qb6 22.a5 Qb4 23.Bd3
c4 24.Be2 Qxb2 25.e5 Bd7 26.Rb1 Qa3 27.Rxb7 Bc8 28.Re7 dxe5 29.Rxe5 Bb7 30.Bh5
Nf6 31.Bd1 Nd7 32.Re3 Qc5 33.Bh4 f6 34.Re7 Rad8 35.Bg4 Bc8 36.Be6+ Kh8 37.Rxg7
Kxg7 38.Qg3+ Kh8 39.Ne4 Qe7 40.Nd6 Qg7 41.Nxc8 Rxc8 42.Qxg7+ Kxg7 43.Bxd7 Rc5
44.Bc6 c3 45.Bg3 c2 46.Rc1 Rd8 47.Rxc2 Rxc2 48.Kg1 Rd2 49.Bc7 R8xd5 50.Bxd5
Rxd5 51.Kf2 Kf7 52.Kf3 Ke7 53.g4 Kd7 54.Bb6 Rb5 55.Ke4 Rxb6 56.axb6 Kc6 {#R}
0-1

[Event "It (cat.7)"]
[Site "masterchessopen.com - Antalya (Turkey)"]
[Round "2"]
[White "Halkias Stelios (GRE)"]
[Black "Erdogan Hakan (TUR)"]
[Result "1-0"]
[WhiteElo "2519"]
[BlackElo "2292"]

1.d4 Nf6 2.c4 e6 3.Nf3 c5 4.d5 exd5 5.cxd5 d6 6.Nc3 g6 7.e4 Bg7 8.Bg5 O-O
9.Nd2 Na6 10.Be2 h6 11.Bh4 Nc7 12.a4 a6 13.O-O Rb8 14.f4 Qd7 15.a5 Re8 16.Bxf6
Bxf6 17.e5 Bg7 18.Nde4 dxe5 19.d6 exf4 20.dxc7 Bd4+ 21.Kh1 Qxc7 22.Nd5 Qd8
23.Bf3 g5 24.Ra4 Bg7 25.Nxc5 Re5 26.Rd4 g4 27.Be4 Rh5 28.Rxf4 f5 29.Bc2 Qxa5
30.Ne7+ Kh8 31.b4 Qa3 32.Rxg4 Qe3 33.Rd8+ Kh7 34.Rxc8 Rxc8 35.Bxf5+ Kh8
36.Bxc8 Qxe7 37.Re4 Qf8 38.Qe2 Qd6 39.Qxh5 {#r} 1-0

[Event "Ch Pireus"]
[Site "masterchessopen.com - Athens (Greece)"]
[Round "5"]
[White "Fournarakos Gerasimos (GRE)"]
[Black "Karayannis Athanasios (GRE)"]
[Result "0-1"]
[WhiteElo "2041"]
[BlackElo "2371"]

1.d4 Nf6 2.c4 c5 3.d5 e6 4.Nc3 exd5 5.cxd5 d6 6.Nf3 g6 7.e4 Bg7 8.Bg5 h6 9.Bh4
O-O 10.Nd2 Re8 11.Bb5 Bd7 12.a4 a6 13.Be2 Bc8 14.O-O Nbd7 15.h3 Qc7 16.Qc2 Rb8
17.Kh1 c4 18.Bxc4 b5 19.axb5 axb5 20.Bd3 g5 21.Bg3 Nh5 22.Bh2 Ne5 23.Rfc1 Bd7
24.Be2 Nf4 25.Nf3 Qb6 26.Nxe5 Bxe5 27.Bg4 Bxg4 28.hxg4 Rbc8 29.Qd2 Rc4 30.f3
Rec8 31.Bg1 Qc7 32.Na2 Rc2 33.Rxc2 Qxc2 34.Rd1 Bxb2 35.Nb4 Qxd2 36.Rxd2 Bc3
37.Rc2 Rc4 38.Na2 Be5 39.Rxc4 bxc4 40.Be3 Ne2 41.Nb4 Kg7 42.Nc2 Kf6 43.Nb4 Bd4
44.Bxd4+ Nxd4 45.Kg1 c3 46.Nd3 Nb3 47.Nb4 Ke5 48.Nc6+ Kf6 49.Nb4 Na1 50.Na2 c2
51.Nc1 Ke5 52.Kf2 Kd4 53.Ke1 f6 54.Kd2 Kc4 55.g3 Nb3+ 56.Kxc2 Nxc1 57.Kxc1 Kd3
58.Kb2 Ke3 59.Kc3 Kxf3 60.Kd4 Kxg3 61.Kc4 Kxg4 62.Kb5 Kf4 {#R} 0-1

[Event "Ch Georgia (juniors) (under 18)"]
[Site "masterchessopen.com - Tbilisi (Georgia)"]
[Round "0"]
[White "Urushadze Davit (GEO)"]
[Black "Bakhtadze Levan (GEO)"]
[Result "0-1"]
[WhiteElo "2145"]
[BlackElo "2099"]

1.d4 Nf6 2.c4 c5 3.d5 e6 4.Nc3 exd5 5.cxd5 d6 6.e4 g6 7.Bg5 Bg7 8.Nf3 O-O
9.Nd2 Na6 10.Bxa6 bxa6 11.Qf3 h6 12.Bh4 Rb8 13.Rb1 g5 14.Bg3 Ne8 15.Qd3 f5
16.f3 Bd4 17.Bf2 Bxf2+ 18.Kxf2 fxe4 19.Ncxe4 Rb4 20.Qe3 Nc7 21.Qd3 Rd4 22.Qc2
Bf5 23.Rbg1 Nxd5 24.g4 Bxe4 25.Nxe4 Qe8 26.Re1 Qf7 27.Rhf1 Nb4 28.Qc3 Nd3+
29.Kg2 Nxe1+ 30.Rxe1 d5 31.Ng3 Rc4 32.Qd3 Rf4 33.Nf5 Rxf5 34.gxf5 Qxf5 35.Qxf5
Rxf5 36.Re6 d4 37.Rxa6 Re5 38.Kf1 d3 39.Rd6 Re3 40.b3 Rxf3+ 41.Ke1 Rh3 42.Rd7
a5 43.Ra7 Rxh2 44.Rxa5 g4 45.Rxc5 g3 46.Rc3 Re2+ 47.Kd1 g2 48.Rxd3 g1=Q+
49.Kxe2 Qg2+ 50.Ke3 Qxa2 51.Kd4 h5 52.Kc3 h4 53.Rh3 Qa5+ 54.Kc2 Qf5+ 55.Rd3 h3
{#R} 0-1

[Event "Moravian League 2002/03 (2nd) (b)"]
[Site "masterchessopen.com - Czech Republic"]
[Round "3"]
[White "Fuchs Ludek (CZE)"]
[Black "Pesa Ladislav (CZE)"]
[Result "1-0"]
[WhiteElo "2089"]
[BlackElo "1970"]

1.d4 Nf6 2.c4 e6 3.Nc3 c5 4.d5 exd5 5.cxd5 d6 6.Nf3 g6 7.Bg5 Bg7 8.e4 h6 9.Bh4
g5 10.Bg3 Nh5 11.Bb5+ Kf8 12.O-O a6 13.Bd3 Bg4 14.h3 Nxg3 15.fxg3 Bh5 16.e5 g4
17.Nh4 Bxe5 18.hxg4 Bxg3 19.Nf5 Qg5 20.gxh5 {#r} 1-0

[Event "Ch Hellenic (online)"]
[Site "masterchessopen.com - Internet"]
[Round "0"]
[White "Grivas Efstratios (GRE)"]
[Black "Sale Srdjan (CRO)"]
[Result "1-0"]
[WhiteElo "2490"]
[BlackElo "2416"]

1.d4 Nf6 2.c4 c5 3.d5 e6 4.Nc3 exd5 5.cxd5 d6 6.Nf3 g6 7.e4 Bg7 8.Bg5 h6 9.Bh4
O-O 10.Nd2 Nbd7 11.Be2 a6 12.a4 Rb8 13.O-O Re8 14.f4 Qc7 15.Qc2 c4 16.Bxc4 b5
17.axb5 axb5 18.Bd3 Ng4 19.Nd1 Qb6+ 20.Kh1 Nc5 21.h3 Nf6 22.Bf2 Nh5 23.Nb3 Bf8
24.e5 Nxf4 25.Bxc5 dxc5 26.Rxf4 c4 27.e6 Bxe6 28.dxe6 Qxe6 29.Nd4 cxd3 30.Qxd3
Qe5 31.Rf2 Bd6 32.Nf3 Qg3 33.Rf1 Rbd8 34.Qxb5 Bb8 35.Qc4 Rd2 36.Qg4 Rxg2
37.Qxg3 Rxg3 38.Ng1 Bd6 39.Nc3 f5 40.Ra6 Bc5 41.Kh2 f4 42.Nge2 Rge3 43.Nxf4
{#r} 1-0

[Event "It (open) \"]
[Site "masterchessopen.com - Kharkov (Ukraine)"]
[Round "6"]
[White "Karanda Konstantin (UKR)"]
[Black "Strelnikov Sergey (UKR)"]
[Result "0-1"]
[WhiteElo "2167"]
[BlackElo "2322"]

1.d4 Nf6 2.c4 c5 3.d5 e6 4.Nc3 exd5 5.cxd5 g6 6.e4 d6 7.Nf3 Bg7 8.Bg5 a6 9.a4
O-O 10.Nd2 h6 11.Bh4 Re8 12.Be2 Nbd7 13.f4 Qc7 14.O-O Nh7 15.Qc2 Rb8 16.Bg3
Nb6 17.Rfe1 Bd7 18.a5 Nc8 19.Nc4 Bb5 20.Nxb5 axb5 21.Na3 c4 22.Bf2 Qxa5 23.e5
Qb4 24.Nxb5 Qxb5 25.Bxc4 Qd7 26.e6 Qc7 27.exf7+ Qxf7 28.Rxe8+ Qxe8 29.Re1 Qf7
30.Bb5 Nf6 31.Bd4 Ra8 32.g3 Ne7 33.Bd3 Rc8 {#R} 0-1

[Event "Ch Poland (juniors) (under 16) (1/2 final)"]
[Site "masterchessopen.com - Torun (Poland)"]
[Round "1"]
[White "Romanowski Filip (POL)"]
[Black "Grajczak Adrian (POL)"]
[Result "1-0"]
[WhiteElo "1921"]
[BlackElo "1969"]

1.d4 Nf6 2.c4 e6 3.Nc3 c5 4.d5 exd5 5.cxd5 d6 6.Nf3 g6 7.Bg5 Bg7 8.e4 O-O
9.Qd2 Re8 10.Bd3 a6 11.O-O b5 12.a3 Nbd7 13.Ne2 Qb6 14.Ng3 Bb7 15.Rfe1 Ng4
16.Rad1 c4 17.Bb1 Nc5 18.Re2 Nb3 19.Qf4 f5 20.h3 Ne5 21.Nxe5 Bxe5 22.Qh4 fxe4
23.Nxe4 Nd4 24.Nf6+ Bxf6 25.Rxe8+ Rxe8 26.Bxf6 Ne2+ 27.Kf1 c3 28.Bxg6 {#r} 1-0

[Event "Memorial O.Duras (open)"]
[Site "masterchessopen.com - Czech Republic"]
[Round "9"]
[White "Fuchs Ludek (CZE)"]
[Black "Nepomucky Ondrej (CZE)"]
[Result "1-0"]
[WhiteElo "2098"]
[BlackElo "2215"]

1.d4 Nf6 2.c4 c5 3.d5 e6 4.Nc3 exd5 5.cxd5 d6 6.Nf3 g6 7.Bg5 Bg7 8.e4 h6 9.Bh4
O-O 10.Nd2 Na6 11.Be2 Nc7 12.O-O g5 13.Bg3 b6 14.f4 gxf4 15.Rxf4 Nd7 16.Bh4 f6
17.Nc4 Qe7 18.Bg4 Ne5 19.Nxe5 Qxe5 20.Qf3 Bxg4 21.Qxg4 Rf7 22.Raf1 Raf8 23.Rf5
Qe7 24.Qg6 Ne8 25.Rh5 Kh8 26.Ne2 Rg8 27.Nf4 Bf8 28.Qf5 Qd7 29.Ne6 Qe7 30.Bg3
Rh7 31.Bh4 Rf7 32.Rf3 b5 33.Rh3 Rh7 34.Nf4 Qe5 35.Qxe5 dxe5 36.Ne6 Be7 37.Bf2
Rg6 38.Bxc5 Ng7 39.Bxe7 Nxh5 40.d6 Ng7 {#r} 1-0

[Event "It (open)"]
[Site "masterchessopen.com - Montreal (Canada)"]
[Round "6"]
[White "Mikhalevski Alexander (ISR)"]
[Black "Hua Lefong (CAN)"]
[Result "0-1"]
[WhiteElo "2410"]
[BlackElo "2323"]

1.d4 Nf6 2.c4 c5 3.d5 e6 4.Nc3 exd5 5.cxd5 d6 6.e4 g6 7.Nf3 Bg7 8.Bg5 h6 9.Bh4
a6 10.Nd2 b5 11.Be2 Nbd7 12.O-O O-O 13.f4 Re8 14.Bf3 Bb7 15.a4 b4 16.Ncb1 a5
17.Nc4 Nb6 18.Nbd2 Nxc4 19.Nxc4 Ba6 20.Qc2 b3 21.Qxb3 g5 22.fxg5 Nxe4 23.Bh5
Bd4+ 24.Kh1 hxg5 25.Bxf7+ Kg7 26.Bxe8 Qxe8 27.Be1 Rb8 28.Qc2 Qg6 29.Rc1 Rh8
30.g4 Bxc4 31.Rf5 Nf6 32.Bf2 Bxd5+ 33.Rxd5 Qxc2 34.Rxg5+ Qg6 35.Rxg6+ Kxg6
36.Bxd4 cxd4 37.Rd1 Rb8 38.Rxd4 d5 39.Rd2 Rb4 40.h3 Rxa4 41.b3 Ra3 42.Rb2 Ne4
43.Kg2 d4 44.Re2 Nc5 45.Re5 Nxb3 46.Rd5 Ra2+ 47.Kg3 Re2 48.h4 a4 49.h5+ Kf7
50.g5 Re7 51.Rd6 a3 52.h6 Re8 53.Ra6 d3 54.g6+ Ke7 55.h7 d2 56.g7 d1=Q 57.h8=Q
Qd3+ 58.Kh2 Qd2+ 59.Kh1 Qc1+ {#R} 0-1

[Event "Alpenpokal"]
[Site "masterchessopen.com - Oberstdorf (Germany)"]
[Round "4"]
[White "Reinke Kurt (GER)"]
[Black "Josting Friedel (GER)"]
[Result "1-0"]
[WhiteElo "2084"]
[BlackElo "2024"]

1.d4 e6 2.c4 c5 3.d5 exd5 4.cxd5 d6 5.e4 g6 6.Nf3 Bg7 7.Nc3 Nf6 8.Bg5 O-O
9.Nd2 a6 10.a4 h6 11.Bh4 Qe7 12.Be2 Nbd7 13.O-O g5 14.Bg3 Ne5 15.Bxe5 Qxe5
16.Nc4 Qe7 17.e5 Ne8 18.exd6 Nxd6 19.Nb6 Rb8 20.Bd3 Qc7 21.a5 Bd7 22.Re1 Rbe8
23.Qd2 Be5 24.h4 Bf4 25.Qc2 c4 26.Ne4 Nxe4 27.Bxe4 Bb5 28.h5 Bd6 29.Bh7+ Kh8
30.Bf5 Bb4 31.Rxe8 Rxe8 32.Bd3 Bxa5 33.Nxc4 Bxc4 34.Qxc4 Qb6 35.Qg4 Qxb2
36.Rxa5 Re1+ 37.Bf1 Qc3 38.Ra4 Qd3 39.Qd4+ {#r} 1-0

[Event "Ch Asian Cities (team)"]
[Site "masterchessopen.com - Tagaytay (Philippines)"]
[Date "2004.03.21"]
[Round "1"]
[White "Abdul Moula Sabri (YEM)"]
[Black "Li Shilong (CHN)"]
[Result "0-1"]
[WhiteElo "2193"]
[BlackElo "2526"]

1.d4 Nf6 2.c4 e6 3.Nf3 c5 4.d5 exd5 5.cxd5 d6 6.Nc3 g6 7.e4 Bg7 8.Bg5 h6 9.Bh4
g5 10.Bg3 Nh5 11.Bb5+ Kf8 12.Bd3 Nxg3 13.fxg3 Nd7 14.O-O Qb6 15.Bb5 g4 16.Bxd7
Bxd7 17.Nh4 Qxb2 18.e5 Qxc3 19.Ng6+ Ke8 20.Nxh8 Bxh8 {#R} 0-1

[Event "Ch Asia (juniors) (under 10)"]
[Site "masterchessopen.com - Pattaya (Thailand)"]
[Round "2"]
[White "Le Minh Hoang (VIE)"]
[Black "Vuong Trung Hieu (VIE)"]
[Result "0-1"]
[WhiteElo "1939"]
[BlackElo "2029"]

1.d4 Nf6 2.c4 e6 3.Nf3 c5 4.d5 exd5 5.cxd5 d6 6.Bg5 g6 7.Nc3 Bg7 8.e4 O-O
9.Bd3 Bg4 10.O-O Nbd7 11.h3 Bxf3 12.Qxf3 Ne5 13.Qe3 h6 14.Bh4 Nxd5 15.Nxd5
Qxh4 16.Rab1 Rae8 17.f4 Nxd3 18.Qxd3 Qd8 19.f5 Bd4+ 20.Kh1 Qh4 21.Rf4 Qd8
22.f6 Re6 23.Rbf1 Qa5 24.h4 Bxb2 25.h5 g5 26.Rg4 Qxa2 27.Qg3 Re5 28.Ne7+ Kh8
29.Ng6+ fxg6 30.hxg6 Re7 31.fxe7 Rxf1+ 32.Kh2 Qe6 33.Qh3 Be5+ 34.g3 Kg7
35.Qxf1 Qxe7 36.Qf5 b5 37.Kg2 b4 38.Kf2 b3 39.Ke2 b2 40.Qf1 Qe6 41.Kd2 Kxg6
42.Rxg5+ hxg5 43.Kc2 Bxg3 44.Kxb2 Qxe4 45.Qd1 Be5+ 46.Ka2 Qc4+ 47.Kb1 Qb4+
48.Qb3 Qxb3+ 49.Kc1 Bf4# 0-1

[Event "Ch France (team) (juniors) 2004/05"]
[Site "masterchessopen.com - France"]
[Date "2005.05.15"]
[Round "10"]
[White "Sauvan Olivier (FRA)"]
[Black "Le Ruyet Leopold (FRA)"]
[Result "1-0"]
[WhiteElo "2098"]
[BlackElo "1882"]

1.d4 Nf6 2.Nf3 g6 3.c4 c5 4.d5 e6 5.Bg5 exd5 6.cxd5 d6 7.Nc3 Bg7 8.e4 O-O
9.Bd3 a6 10.O-O Qc7 11.a4 b6 12.Rc1 Bg4 13.h3 Bxf3 14.Qxf3 Nbd7 15.Qg3 Ne5
16.Be2 h6 17.Be3 Rfe8 18.f4 Ned7 19.Bf3 Rab8 20.Ra1 b5 21.axb5 axb5 22.Ra6 b4
23.Rc6 Qa5 24.Nd1 Rb6 25.Rxb6 Qxb6 26.f5 Ne5 27.Bf4 g5 28.Bxe5 Rxe5 29.h4 g4
30.Bxg4 Nxe4 31.Qf4 Nf6 32.Bf3 c4+ 33.Kh1 Qc5 34.Nf2 Nxd5 35.Bxd5 Qxd5 36.Ng4
Re4 37.Qf3 h5 38.Nh2 Qd4 39.f6 Bh8 40.Qxh5 Bxf6 41.Qf5 Re6 42.Ng4 Kg7 43.h5
Qxb2 44.h6+ Kg8 45.Nxf6+ Rxf6 46.Qg5+ Kf8 47.Rxf6 Qa1+ 48.Kh2 Qe5+ 49.Qxe5
dxe5 50.Rc6 c3 51.Rc8+ Ke7 52.h7 {#r} 1-0

[Event "It (a)"]
[Site "masterchessopen.com - Cartak (Czech Republic)"]
[Round "3"]
[White "Plachetka Jan (SVK)"]
[Black "Simacek Pavel (CZE)"]
[Result "1-0"]
[WhiteElo "2439"]
[BlackElo "2463"]

1.d4 Nf6 2.c4 c5 3.d5 e6 4.Nc3 exd5 5.cxd5 d6 6.e4 g6 7.Nf3 Bg7 8.Bg5 h6 9.Bh4
g5 10.Bg3 Nh5 11.Bb5+ Kf8 12.e5 Nxg3 13.fxg3 dxe5 14.O-O a6 15.Bd3 b5 16.Nd2
Ra7 17.Bf5 Kg8 18.Nde4 b4 19.Na4 Nd7 20.Rc1 Bf8 21.Qh5 Nb6 22.Nxb6 Bxf5
23.Rxf5 Qxb6 24.Rcf1 c4+ 25.Kh1 Rh7 26.Nf6+ Kh8 27.Nxh7 Kxh7 28.Rxf7+ Bg7
29.Rxa7 Qxa7 30.d6 c3 31.bxc3 bxc3 32.Qd1 Qd7 33.Qd3+ Kh8 34.Rd1 {#r} 1-0